000 00691cam a22002413a 4500
001 5430
003 PGUSA
005 20140828083120.0
008 040401s2004||||xxu|||||s|||||000 | eng d
040 _aPGUSA
_beng
042 _adc
050 4 _aPE
100 1 _aJohnson, Samuel,
_d1709-1784
245 1 0 _aPreface to a Dictionary of the English Language
_h[electronic resource] /
_cSamuel Johnson
260 _bProject Gutenberg,
_c2004
506 _aPublic domain in the USA.
516 _aElectronic text
653 _aEnglish language -- Dictionaries
653 _aLexicology
830 0 _aProject Gutenberg
_v5430
856 4 0 _uhttp://www.gutenberg.org/ebooks/5430
942 _cEB
999 _c234759
_d234759